000 00308nam a2200133Ia 4500
008 191201s2011 xx 000 0 und d
100 _aRYDER, G. H
245 0 _aStrength of Materials
250 _a12 IMP
260 _aN. Delhi
_bMacmillan
_c2011
300 _a340
650 _aB.Tech(CE)
942 _2ddc
_cBK
999 _c5276
_d5276